000 00432nam a22001697a 4500
005 20180305131300.0
008 160525b xxu||||| |||| 00| 0 eng d
020 _a978-81-224-2729-5
041 _aeng
082 _b4821
_a332.45
100 _aMachiraju, H.R.
_9354
245 _aInternational Financial Markets and India
260 _aNew Delhi
_bAcademic Faundation
300 _a293
650 _aManagement
_9241
942 _cBK
999 _c1651
_d1650